000 01176nam a22001817a 4500
008 140829b xxu||||| |||| 00| 0 eng d
020 _a9977674116
082 _a972.86
_bM722h
100 _aMolina, Ivan y Palmer, Steven
_91463
110 _aUniversidad de Costa Rica
_91464
245 _aHistoria de Costa Rica
_bBreve, actualizada y con ilustraciones
_cIván Molina y Steven Palmer
260 _aSan José
_bEditorial de Costa Rica
_c2002
300 _a148 p
_bill. col.
_c21 cm
505 _tDel paseo al pasado. Tras los pasos de los Cazadores (12000 a.c.-1500 d.c.). Caciscazgos y señorios (1500-1570). Conquista y Resistencia (1502-1570). Encomienda y Esclavitud (1570-1750). Comerciantes y Campesinos (1750-1850). Café, Capitalismo y Estado Liberal (1850-1890). Diversificación Económica y Conflicto Social (1890-1930).Depresión, Reformas sociales y Guerra civil (1930-1950). La edad de oro de la clase media (19750 - 1978). Crisis, Ajuste Estructural y Contrarreforma social (1978 -1995). La excepcionalidad de Costa Rica.
650 _aHistoria de Costa Rica
_xsociedad y cultura
_91465
655 _asociologia
_91400
700 _aIván Molina y Steven Palmer
_91466
999 _c310
_d310